Batman: (Record no. 2192)

MARC details
000 -LEADER
fixed length control field 00922nam a22002777a 4500
005 - DATE AND TIME OF LATEST TRANSACTION
control field 20231108154451.0
020 ## - INTERNATIONAL STANDARD BOOK NUMBER
International Standard Book Number 9780061885204
040 ## - CATALOGING SOURCE
Original cataloging agency FISKH
Language of cataloging eng
Transcribing agency FISKH
Modifying agency FISKH
050 ## - LIBRARY OF CONGRESS CALL NUMBER
Classification number PZ7.S27587
082 ## - DEWEY DECIMAL CLASSIFICATION NUMBER
Classification number 813.6
100 ## - MAIN ENTRY--PERSONAL NAME
Personal name Sazaklis, John
245 ## - TITLE STATEMENT
Title Batman:
Remainder of title dawn of the dynamic duo /
Statement of responsibility, etc. by John Sazaklis pictures by Steven E. Gordon colors by Eric A. Gordon
260 ## - PUBLICATION, DISTRIBUTION, ETC.
Place of publication, distribution, etc. New York :
Name of publisher, distributor, etc. Harper,
Date of publication, distribution, etc. 2011
300 ## - PHYSICAL DESCRIPTION
Extent 32 pages :
Dimensions 23 cm
505 ## - FORMATTED CONTENTS NOTE
Formatted contents note K
520 ## - SUMMARY, ETC.
Summary, etc. Relates how Batman and Robin first came together and describes their first battle against Two-Face and his plans to steal all the money at the Gotham City Mint.
521 ## - TARGET AUDIENCE NOTE
Target audience note 600
Source Lexile estimate
521 ## - TARGET AUDIENCE NOTE
Target audience note K
Source Raz-Plus
650 ## - SUBJECT ADDED ENTRY--TOPICAL TERM
Topical term or geographic name entry element Superheroes
650 ## - SUBJECT ADDED ENTRY--TOPICAL TERM
Topical term or geographic name entry element Justice League
650 ## - SUBJECT ADDED ENTRY--TOPICAL TERM
Topical term or geographic name entry element Vgilante
700 ## - ADDED ENTRY--PERSONAL NAME
Personal name Gordon, Steven E.
Relator term Co-illustrator
700 ## - ADDED ENTRY--PERSONAL NAME
Personal name Gordon, Eric A.
Relator term Co-illustrator
942 ## - ADDED ENTRY ELEMENTS (KOHA)
Source of classification or shelving scheme Dewey Decimal Classification
Koha item type Books
Suppress in OPAC No
999 ## -
-- 2192
-- 2192
Holdings
Withdrawn status Lost status Source of classification or shelving scheme Damaged status Not for loan Collection Home library Current library Shelving location Date acquired Total Checkouts Full call number Barcode Date last seen Date last checked out Price effective from Koha item type
    Dewey Decimal Classification     Juvenile Fiction Footprints International School Library Network Toul Kork Campus Footprints International School Library Network Toul Kork Campus TK Primary Library Room(4th Floor), Bookcase 3&4, Shelves 17-32, Yellow Books 11/08/2023 2 SAZ 813.6 PZ7.S27587 FISTK01283 02/24/2026 02/10/2026 11/08/2023 Books